000 00767 a2200205 4500
001 28976
005 20260407155558.0
008 260407a1964 arg spa d
003 AR-UNSa-BCEJYS
040 _aAR-UNSa-BCEJYS
_bspa
_cAR-UNSa-BCEJYS
080 _a657
_xContabilidad
245 1 0 _aTransmisión de establecimientos comerciales e industriales
250 _a3a. ed
264 1 _aBuenos Aires :
_bPlus Ultra
_c1964
300 _a316 p.
_c23 cm.
505 _aParte I: Comentarios a la ley 11.867 - Parte II: Conferencias del autor sobre la ley 11.867: la "conferencia nacional de Rosario" - Parte III: Texto comparado de la ley 11.867 y del anteproyecto del autor
942 _cBK
590 _aniveau_biblio:m niveau_hierar:0
100 1 _aScolini, Miguel
999 _c1770
_d1770